[Event "RUS-ch51"]
[Site "St Petersburg"]
[Date "1998.08.06"]
[Round "10"]
[White "Landa, Konstantin"]
[Black "Ibragimov, Ildar"]
[Result "0-1"]
[WhiteElo "2520"]
[BlackElo "2610"]
[Annotator "Mikhalevski,V"]
[PlyCount "44"]
[EventDate "1998.07.28"]
[EventType "swiss"]
[EventRounds "11"]
[EventCountry "RUS"]
[SourceTitle "CBM 067"]
[Source "ChessBase"]
[SourceDate "1998.11.30"]
[SourceVersion "2"]
[SourceVersionDate "1998.11.01"]
[SourceQuality "1"]

{[%mdl 10984]} 1. e4 e5 2. Nf3 Nc6 3. d4 exd4 4. Nxd4 Bc5 5. Nxc6 Qf6 6. Qd2
dxc6 7. Nc3 Qe7 $5 {A sensational novelty of A.Morozevich.Two monthes has gone
and E.Ibragimov tries it again.Usually black played 7...Ne7 or 7...Be6} 8. Bd3
Nf6 9. Qg5 $146 (9. O-O O-O 10. Qg5 h6 11. Qg3 Nh5 12. Qf3 Qh4 13. Be2 Nf6 14.
e5 {1/2-1/2 Rublevsky,S-Morozevich,A/Russian Club Cup, Maikop RUS 1998 (43).My
comments of this game you can find in CBM66.} (14. Qf4 $142)) 9... h6 $1 10.
Qg3 (10. Qxg7 $2 Bxf2+ $1 (10... Rg8 11. Qxh6 Ng4 (11... Rxg2 $6 12. Bg5 $1
Bxf2+ 13. Kf1 Rxg5 14. Qxg5 Bh3+ 15. Ke2 $1 $16) 12. Qh7 Bxf2+ 13. Kf1 Qf8 $13
{[%cal Gg4f6]}) 11. Kxf2 (11. Kf1 Rh7 $1 {[%csl Rg7]}) 11... Rg8 {[%csl Rg7]}
12. Qxg8+ $8 (12. Bxh6 Ng4+ $1 13. Ke2 Rxg7 14. Bxg7 f6 $17 {[%csl Rg7]}) 12...
Nxg8 {and complicated position has arised.White probably has enough
compensation for the traped queen.}) 10... g5 $1 {Hunting goes on.} (10... Ng4
$6 11. O-O) 11. h4 $6 {looks suspicious as it weakens queen side and let black
choose between two good continuations:11...Nh5 which was played in the game
and 11...Ng4 that was also very promising.} (11. O-O $6 Bd6 12. Qf3 (12. f4 Nh5
) (12. Qe3 $2 Bxh2+) 12... Ng4 $40) (11. Be3 $2 Bd6 12. Qf3 $140 $4 Bg4) (11.
Bd2 $1 {/\0-0-0 can be recommended.} Bd6 (11... Ng4 12. O-O Bd6 $140 13. f4)
12. Qe3 (12. Qf3 {[%cal Gf3e2]} Bg4 13. Qe3 {[%cal Gf2f3]} Bf4 (13... Bc5 14.
Qg3 Bd6 $140 15. f4) 14. Qd4 $13) 12... Ng4 13. Qe2 {and now capture on h2
should be checked out.}) 11... Nh5 (11... Ng4 $5 12. Nd1 Bd6 13. f4 {[%cal
Gh4g5]} (13. Qf3 Ne5 {[%cal Gg5h4]}) 13... gxf4 14. Bxf4 Rg8 $1 $15) 12. Qf3 g4
13. Qe2 Qe5 $1 $15 {Protecting knight and preparing very unpleasant g4-g3.} 14.
g3 (14. Be3 Nf4 (14... Ba3 15. Nd1 $5 (15. O-O-O $2 Qxc3) (15. Rb1 $2 Bxb2) (
15. Bc1 $5 Bb4 16. O-O $1 (16. Bd2 Nf4 $1 17. Bxf4 Bxc3+ $1 18. Kf1 (18. bxc3
$2 Qxc3+ $19 {[%cal Gc3a1]}) 18... Qxf4 19. bxc3 Be6 $15) 16... Bxc3 17. bxc3
Qxc3 18. Rb1 $44) 15... Bxb2 16. Nxb2 Qxb2 17. O-O $44) 15. Bxf4 (15. Qf1 Bxe3
16. fxe3 Nh5 $1 {[%csl Rd3,Rg3]}) 15... Qxf4 $15) 14... Bd4 15. Nd1 $6 {
Too slowly.White should think about unsecure position of the own king.} (15.
Bd2 $142 {[%cal Ge1c1] /\0-0-0.It looks more logical.}) 15... Be6 {Black is
preparing long castle.} 16. c3 Bb6 17. Ne3 (17. Be3 O-O-O 18. Bxb6 cxb6 {
[%cal Gd8d7,Gh8d8]} 19. Ne3 {can be met by} Nxg3 $1 20. fxg3 (20. Nxg4 Qd6 $1
21. fxg3 Qxd3 22. Qxd3 Rxd3 $17) 20... Rxd3 $3 21. Qxd3 Qxg3+ 22. Kf1 (22. Ke2
Qf3+ 23. Kd2 Rd8 $19 24. Nd5 $140 cxd5 (24... Bxd5 $5)) (22. Kd2 Rd8 $19 23.
Nd5 $140 Qg2+ $1 24. Qe2 Bxd5 $1 25. Qxg2 Bxe4+ 26. Ke3 Bxg2 $17) 22... Qf3+
23. Kg1 Rd8 $1 {Last accord of Black's combination.} 24. Qc2 Qxe3+ 25. Qf2 Qxe4
$19) 17... O-O-O $17 {Now White has no time to escape.} 18. Bc2 $8 (18. Nxg4 $2
Qg7 $1 ({but not} 18... Bxg4 19. Qxg4+) 19. Ne3 Nxg3 $1 20. fxg3 (20. Rg1 Nxe2
21. Rxg7 Nxc1 $19) 20... Qxg3+ $19 21. Kd2 (21. Kd1 Rxd3+ $1) (21. Kf1 Rxd3 $1
22. Qxd3 Qf3+) 21... Bxe3+ 22. Qxe3 $140 Qg2+) (18. O-O $2 Nxg3 19. fxg3 Qxg3+
20. Kh1 Qxh4+ 21. Kg2 (21. Kg1 Qg3+ 22. Kh1 Qh3+ 23. Kg1 g3 $19) 21... Qh3+ 22.
Kg1 g3 $1 $19 {[%cal Gd8d3,Gg3g2]}) (18. Nc4 $2 Bxc4 (18... Bxf2+ $5 19. Qxf2
Bxc4 20. Bf4 Nxf4 21. gxf4 Qb5 $1) 19. Bxc4 Nxg3 $1 20. fxg3 (20. Qxg4+ f5 {
[%cal Gg3h1]} 21. Qxg3 Qxe4+ $19) 20... Qxg3+ 21. Kf1 Rd1+ $1 22. Qxd1 Qf2#) (
18. Bd2 $2 Nxg3 $1 19. fxg3 (19. Nxg4 Bxf2+ $3 20. Kxf2 (20. Qxf2 Bxg4 21. Bf4
Nxh1 $19) 20... Qd6 $1 21. Qf3 Nxh1+ 22. Rxh1 Qxd3 $19) 19... Qxg3+ 20. Kd1
Rxd3 $1 21. Qxd3 Rd8 {[%cal Gb6e3]} 22. Qxd8+ Kxd8 $19) 18... Rhg8 $1 19. a4 (
19. Nc4 $2 Bxc4 20. Qxc4 Bxf2+ $1 21. Kxf2 Qxg3+ 22. Kf1 Qf3+ 23. Kg1 Ng3 $1
24. Rh2 b5 $1 $19) (19. Bd2 $2 Nxg3 20. fxg3 Qxg3+ 21. Kf1 Rxd2 $1 22. Qxd2
Bxe3 23. Qe2 Bc4 $19) (19. Nf1 $1 {[%cal Gc1e3] defending g3 and preparing Be3
was the best defence.}) 19... a5 20. Rg1 (20. Nf1 $5) 20... Kb8 $5 21. Bd2 (21.
Nc4 Bxc4 22. Qxc4 f5 $1 $17 {[%cal Gf5f4,Gf5e4]}) (21. Nf1 $5) 21... Nf6 {
[%cal Gf6e4]} 22. Ng2 $4 {loses immediately.} ({After} 22. Nf1 {Black should
prove his advantage.}) 22... Bc4 $1 {Now it's over.} (22... Bc4 $1 23. Qxc4
Bxf2+ $1 24. Kxf2 (24. Ke2 Qxg3 $19 {[%csl Re2][%cal Gg3f3]}) 24... Rxd2+ 25.
Ke3 Rxc2 $19 26. Ne1 $140 ({or} 26. Nf4 Re8) 26... Nxe4 $1) 0-1

[Event "Elgoibar 08th"]
[Site "Elgoibar"]
[Date "1998.11.21"]
[Round "1"]
[White "Korneev, Oleg"]
[Black "Gomez Esteban, Juan Mario"]
[Result "1-0"]
[WhiteElo "2600"]
[BlackElo "2475"]
[Annotator "Mikhalevski,V"]
[PlyCount "75"]
[EventDate "1998.11.11"]
[EventType "tourn"]
[EventRounds "9"]
[EventCountry "ESP"]
[EventCategory "10"]
[SourceTitle "CBM 069"]
[Source "ChessBase"]
[SourceDate "1999.04.01"]
[SourceVersion "1"]
[SourceVersionDate "1999.04.01"]
[SourceQuality "1"]

1. e4 e5 2. Nf3 Nc6 3. d4 exd4 4. Nxd4 Nf6 5. Nxc6 bxc6 6. e5 Qe7 7. Qe2 Nd5 8.
c4 Ba6 9. g3 Qb4+ {For the first time this move was tested in the European
Championship under 10!Gomez Esteban gives it another chance.} ({The main lines
are:} 9... O-O-O) (9... g6) 10. Nd2 Rb8 $5 {The idea of this move is to take
under control the b1(!)-square that can be important after 11.Bg2(see below).}
(10... Be7 11. Qg4 g6 12. Bg2 Nb6 13. O-O O-O 14. Ne4 f5 15. exf6 Bxf6 16.
Nxf6+ Rxf6 17. Qd4 Qd6 {1-0 Shkoberne,J-Gornoei,A/Tallinn 1997/EXT 98 (17)})
11. Qe4 {[%cal Gc4d5] avoiding all the tricks,but losing important time.} ({
Maybe} 11. Bg2 $5 {should be prefered.} Nb6 (11... Nc3 $6 12. Qe3 (12. bxc3 $2
Qxc3) 12... Na4 13. Qxa7 $16) 12. a3 (12. b3 $2 Qc3 13. Rb1 Nxc4 $1 {[%cal
Yb8b1,Yc3e1] Now we can see that 10...Rb8 is very useful,but certainly White
can play better.}) 12... Qa5 13. O-O Be7 14. b3 $14 (14. b4 Bxb4 15. Nb3 Bxc4
$1 (15... Qa4 16. axb4) 16. Nxa5 Bxe2 17. axb4 Bxf1 18. Bxf1 $13)) 11... Nb6
12. Be2 (12. c5 $2 {is bad in view of} Qxe4+ 13. Nxe4 Bxf1 14. Rxf1 ({or} 14.
cxb6 $2 Bg2) 14... Na4) 12... g6 13. a3 ({Even here it's not the best moment
to play} 13. c5 $6 {as after} Qxe4 14. Nxe4 Bxe2 15. cxb6 Bf3 16. bxc7 Rc8 17.
Nf6+ (17. Nd6+ $2 {is too optimistic} Bxd6 18. exd6 Bxh1 19. Bh6 Bd5) 17... Ke7
18. O-O Rxc7 $13) (13. O-O $5 Bg7 14. Re1 O-O 15. c5 {Now it's better than in
two previous cases.} Qxe4 16. Nxe4 Bxe2 17. cxb6 Bg4 18. bxa7 (18. bxc7 Rbc8
19. Bf4 Be6 20. Nf6+ $140 Kh8) 18... Ra8 19. Nf6+ Bxf6 20. exf6 Rxa7 {[%cal
Gg4e6]} (20... Be6 $6 21. Be3) 21. Re7 $14) 13... Qe7 14. O-O (14. c5 $5 Bxe2
15. cxb6 Ba6 16. bxc7 Rc8 17. Nf3 {[%cal Gc1g5]} Rxc7 18. Bg5 d5 (18... Qc5 $5)
19. Qa4 $5 (19. Bxe7 dxe4 20. Bf6 exf3 $1 21. Bxh8 (21. O-O-O $2 Bh6+ 22. Kc2
O-O $1) (21. Rd1 $5 Bb4+ $1 22. axb4 O-O $13) 21... Be2 $5 $44) 19... Bb5 20.
Qh4 Qd7 (20... Qc5 21. Rc1) 21. Bf6 Be7 22. Nd4 $1 $14) 14... Bg7 15. Re1 $1 c5
{[%cal Ga6b7] preparing Bb7 and stoping c4-c5 forever.} (15... Qxe5 $4 16.
Qxe5+ Bxe5 17. c5 $1 $18) (15... Bxe5 $4 16. c5 $1 f5 17. Qf3 Bxe2 18. Qxe2 $18
) 16. Nf3 O-O {[%cal Ga6b7,Gf7f6]} 17. Qc2 $5 Bb7 {Here the first results of
the opening:1)Black have finished developing successfully;2)the a8-h1 diagonal
is open for his bishop and finally very unpleasant f7-f6 is threatening.I
think Black is already better.} 18. Bf4 f6 19. e6 $5 {The f-file must be
closed even at the cost of a pawn.} ({Dangerous} 19. exf6 {as after} Qxf6 {
difficult to find a good defence against Qc6 , Q:b2 and B:f3/\g5.} 20. Ng5 (20.
Qd3 Qc6 $1 {[%csl Rg1][%cal Gb8e8,Gg6g5]} (20... Rbe8 $5 {[%cal Gf6b2,Gf6c6]}))
(20. Be5 $2 Qc6 $1 {[%cal Gf8f3]} 21. Bf4 (21. Bxg7 Rxf3 $1 $19) 21... g5 $1
$19) 20... Qxb2 21. Qxb2 Bxb2 22. Rab1 Bc3 $1 23. Rec1 Bd4 $1 $17) 19... dxe6
$15 20. b4 $1 {A clever way to get counterplay on the queenside.} e5 (20...
cxb4 21. axb4 {[%cal Ga1a7]}) 21. Be3 Nd7 (21... cxb4 22. axb4 Qxb4 23. Reb1 {
with the initiative on the queen side.}) 22. Rad1 Rfd8 23. Qa4 a6 24. Nd2 Bf8
25. b5 {Black should find a moment to take on b4.} Nb6 26. Qc2 {By the series
of strong moves White strenghtens a pressure on the queen side.Everything is
ready for a4-a5.} Qf7 27. a4 Kh8 {Probably the time-pressure has interfered
into the game and Black is just waiting.} 28. a5 Nd7 29. bxa6 $5 Bxa6 30. Bf3
Bb7 $2 {[%mdl 16384] Black should refrain from this careless move.Now the
a5-pawn is unblocked and White is already on top.} 31. Bxb7 Rxb7 32. Ne4 {
[%csl Rc5][%cal Gd1d8] The pin along the d-file in combination with the
threats B:c5 and Qa4 is very unpleasant.} Rb4 {It doesn't prevent B:c5,but a
good advice is already very expensive.} (32... Ra8 33. Qa4 $1) (32... Rdb8 33.
Qa4 Bd6 34. Nxd6 cxd6 35. Rxd6 $16) 33. Bxc5 $1 Rxc4 $2 {[%mdl 8192] This is a
serious tactical mistake.Black should retreat on b8 immediately or after 33...
B:c5.Now White obtains a big advantage.} (33... Bxc5 34. Nxc5 Rbb8 $14 (34...
Qe7 35. Nxd7 Rxd7 36. a6 {and a strong pass pawn supported by a rook from a1
is very dangerous.})) (33... Rbb8 $5) 34. Qa2 $1 {[%cal Gc5f8,Ya2f7,Yd1d8]}
Nxc5 $2 {[%mdl 8192] Decisive mistake.Black had to defend his queen by 34...
Kg7 or 34...Kg8 with some chances for escaping.} (34... Kg7 35. Bxf8+ Kxf8 36.
Nxf6 $1 {[%cal Gd1d8,Ga2f7] A good example of the "pin" theme.} Rd4 $8 37.
Qxf7+ (37. Qa3+ c5 (37... Kg7 38. Rxd4 exd4 39. Re7 Nxf6 40. Rxf7+ Kxf7 41. Qd3
$1 $16) 38. Nxd7+ R8xd7 39. Qxc5+ Kg8 $8 $16) 37... Kxf7 38. Nxh7 $16) (34...
Kg8 35. Bxf8 (35. Rxd7 Rxd7 36. Nxf6+ Qxf6 37. Qxc4+ $16) 35... Kxf8 {see 34...
Kg7}) (34... Bxc5 $2 35. Nxc5 $18 {[%cal Gc5d7]}) (34... Bg7 $2 35. Be7 $1 $18
(35. a6 $5 Qg8 36. a7 Rxe4 37. Qxg8+ Rxg8 38. Rxe4 Nxc5 39. Rb4 {[%cal Gb4b8]}
Na6 40. Ra4 $1 $18)) 35. Rxd8 $18 {Now it's over.} Nxe4 36. a6 $1 {The most
direct way to a win.} (36. Rxf8+ Qxf8 37. Qxc4 Ng5 38. Qc6 $18) (36. Rxe4 $4
Rc1+ {[%cal Gf7a2]}) 36... Ng5 37. a7 Nf3+ 38. Kf1 1-0

[Event "Beersheba-Peterburg Kings m"]
[Site "St Petersburg"]
[Date "1999.06.13"]
[Round "8"]
[White "Yemelin, Vasily"]
[Black "Mikhalevski, Victor"]
[Result "1-0"]
[WhiteElo "2550"]
[BlackElo "2531"]
[Annotator "Mikhalevski,V"]
[PlyCount "65"]
[EventDate "1999.06.??"]
[EventType "schev"]
[EventRounds "10"]
[EventCountry "RUS"]
[SourceTitle "CBM 072"]
[Source "ChessBase"]
[SourceDate "1999.10.01"]
[SourceVersion "1"]
[SourceVersionDate "1999.10.01"]
[SourceQuality "1"]

1. e4 e5 2. Nf3 Nc6 3. d4 exd4 4. Nxd4 Bc5 5. Be3 Qf6 6. c3 Nge7 7. Bc4 Bb6 8.
O-O O-O 9. Nc2 {Introduced by Kasparov in his game against Short in Linares
1992.} Na5 $5 $146 {[%mdl 8] This move was called by the game Arakhamia,
K-Spassky,B/Roquebrune 1998 which I had annotated for CBM 67 and by my
sclerosis. During the game I could only remember the idea of Na5, but the
intermediate 9...Qg6 is absolutely falled-out of my memory.} (9... d6 10. Bxb6
(10. f4 Be6 11. Bd3 Kh8 12. Nd2 Ng8 13. Qf3 Rae8 14. a3 Bc8 15. Rae1 Bxe3+ 16.
Nxe3 Qd8 17. Kh1 Nb8 18. Qg3 Nh6 19. Bc2 b6 20. Nf3 Ba6 21. c4 Nd7 22. Nd4 Nc5
23. b4 Ne6 24. Nf3 Qd7 25. f5 Nd8 26. f6 g6 27. Ng5 Re5 28. Nf5 gxf5 29. Qh3 f4
30. Qxh6 Rxg5 31. e5 {1-0 Svidler,P-Yemelin,V/St.Petersburg 1994/EXT 98 (31)})
10... axb6 11. Ne3 (11. f4 g5 12. f5 Ne5 13. Be2 Bd7 14. c4 g4 15. Nc3 h5 16.
Qd2 Kh8 17. Qf4 Bc6 18. Ne3 Nd7 19. Bxg4 hxg4 20. Nxg4 Qh4 21. Rf3 Ng6 22. Qe3
Qxg4 23. Qh6+ Kg8 24. Rh3 Qxh3 25. gxh3 Nge5 26. f6 Nxf6 27. Qxf6 Rae8 28. Kh1
Ng6 29. h4 Re6 30. Qg5 Rfe8 31. h5 Re5 32. Qh6 Rxe4 33. Nxe4 Rxe4 34. Kg1 Ne5
35. Qg5+ Kh7 36. Qf5+ Kh6 37. Rf1 Re2 38. Qf6+ Kh7 39. Qg5 Be4 40. h6 Bg6 41.
h4 Re4 42. h5 Rg4+ 43. Qxg4 Nxg4 44. hxg6+ fxg6 45. Rf7+ Kxh6 46. Rxc7 Ne5 47.
Rxb7 Nxc4 48. b3 {1-0 Kasparov,G-Short,N/Linares 1992/CBM 28/[Anand] (48)})
11... Be6 12. Bd5 Ng6 13. Na3 Rae8 14. Nb5 Re7 15. g3 Rd7 16. f4 Bh3 17. Rf2
Nge7 18. Qh5 Be6 19. f5 Bxd5 20. Ng4 {1-0 Koster,L-Landtman,M/NLD-chT9495 1994/
EXT 98 (20)}) (9... Qg6 10. Nd2 Na5 (10... Ne5 11. Be2 d5 12. Bh5 Qf6 13. exd5
Nxd5 14. Ne4 Qd8 15. Bxb6 axb6 16. Qd4 Nc6 17. Qd2 Nde7 18. Rfd1 Qxd2 19. Rxd2
Be6 20. a3 h6 21. Nd4 Nxd4 22. Rxd4 Nc6 23. Rd2 Na5 24. Re2 Rfd8 25. h3 {
Enguidanos Gimeno,S-Destruels Moreno,V/Pref 1992/EXT 98/1/2-1/2 (38)}) 11. Be2
d5 12. Bxb6 axb6 13. e5 Nac6 14. f4 f6 15. exf6 Qxf6 16. Nb3 Qd6 17. Qd2 Bf5
18. Ncd4 Nxd4 19. Nxd4 Be4 20. Bg4 Rf6 21. g3 h6 22. a3 c5 23. Nf3 Nc6 24. Rad1
Rd8 25. Qe2 c4 26. Qe3 Qc5 27. Rfe1 Bxf3 28. Qxc5 Bxd1 29. Qxb6 Bxg4 30. Qxb7
Rb8 31. Qc7 Rxb2 32. a4 Bh3 33. a5 Rg2+ 34. Kh1 Ra2 {0-1 Arakhamia,K-Spassky,B/
Roquebrune 1998/CBM 67/[Mikhalevski,V] (34)}) 10. Be2 Rd8 $6 ({In order to
justify 9...Na5 I had to play} 10... d5 $1 {and I don't see a clear way to the
refutation of this idea. Here is the possible continuation:} 11. exd5 (11. Bxb6
axb6 12. exd5 Rd8 13. Ne3 {see 11.ed} (13. Bf3 Nc4 14. Re1 (14. b3 Ne5 15. Be4
Bf5 16. Bxf5 Nxf5 $44) 14... Nxb2 15. Qe2 Ng6 16. Nd4 (16. Qb5 Na4 17. Re8+ Nf8
{[%cal Gc8d7]}) 16... Na4)) 11... Rd8 12. Bxb6 $1 (12. c4 $2 Qxb2) (12. Bf3 $5)
12... axb6 (12... Qxb6 $2 13. b4 Nac6 14. Ne3) 13. Ne3 Be6 $1 (13... c6 $2 14.
b4 $1 Nxd5 15. Nxd5 Rxd5 16. Qc2 Bf5 17. Qb2 $18) 14. Bf3 Nxd5 (14... Bxd5 15.
Bxd5 c6 (15... Nxd5 16. Nxd5 Qe5 17. c4 $1 Nxc4 (17... c6 18. Nbc3 (18. Re1
Qxb2) 18... cxd5 (18... Nxc4 19. Re1 $18) 19. cxd5 $16) 18. Nbc3 c6 19. Re1 $1
$18) 16. b4 Nxd5 17. Nxd5 Rxd5 18. Qa4 $1 {see 14...N:d5}) (14... b5 $5) (14...
c6 15. b4 Nxd5 16. Nxd5 Bxd5 17. Bxd5 $1 Rxd5 (17... Nc4 18. Bxc4 Rxd1 19. Rxd1
$18) 18. Qa4 $1 {see 14...N:d5}) 15. Bxd5 (15. Nxd5 Bxd5 16. Bxd5 c6 17. Qf3 (
17. b4 Rxd5 {see 15.B:d5}) 17... cxd5 18. Qxf6 gxf6 $11 {[%cal Ga5b3,Ga5c4]})
15... c6 16. b4 Bxd5 17. Nxd5 (17. bxa5 Bxg2 $1 $44) 17... Rxd5 18. Qa4 $1 {
[%csl Ra5][%cal Ga4a8]} (18. Qe2 Re5 $1 (18... Nb3 $4 19. axb3 Rxa1 20. Qe8#))
18... Qh4 $1 {[%cal Gh4a4]} 19. Qa3 (19. f4 $2 b5 $1 20. Qa3 Re8 $3 21. Qxa5
Rd1 $3 22. Nd2 $8 (22. Rxd1 Re1+ 23. Rxe1 Qxe1#) 22... Rxd2 $17) 19... Rh5 $1 (
19... Rg5 $2 {[%cal Gh4h3]} 20. f4 (20. c4 Qd4 $1 21. Nc3 Rxg2+ $1 $11) 20...
Rh5 21. h3 Qg3 {[%cal Gh5h3]} 22. c4 $3 $18) 20. h3 Rg5 $1 {[%cal Gh4h3]} 21.
f4 (21. Kh1 $2 Rd8 $1 22. bxa5 Qe4 23. f3 Qe2 24. Rg1 Rd1 25. g4 Qxf3+ 26. Kh2
Rxg4 $1) (21. c4 $5 Qe4 $1 22. g4 (22. g3 Qd4 $1 23. c5 $1 (23. bxa5 $2 Qxa1
24. Nc3 Rgxa5 25. Qb4 c5 $1 26. Qb3 Ra3 $1 $19) (23. h4 Rf5 $1 24. c5 $1 $11)
23... Re8 $1 24. Qc3 Qxc3 25. Nxc3 Nc4 $11) 22... Rd8 $1 {[%cal Gd8d3]} 23. Qc1
$1 Rxg4+ 24. hxg4 Qxg4+ $11) 21... Rg3 {[%cal Gg3h3]} 22. Rf2 (22. bxa5 Rxh3 $1
23. gxh3 Qg3+ 24. Kh1 Qxh3+ 25. Kg1 Qg3+ 26. Kh1 Rxa5 $1 $17) 22... Qe7 $5 (
22... Rd8 $5 23. Nd2 (23. bxa5 $2 Rd1+ 24. Rf1 Rxh3 $1) 23... Rgd3 24. Qc1
Qxf2+ 25. Kxf2 Rxd2+ $44 {[%cal Ga5c4]}) 23. bxa5 Qe1+ 24. Rf1 Qe2 25. Rf2 Qe1+
$11) 11. Qd2 d5 (11... h6 12. c4) (11... Nac6 $5) 12. c4 {[%cal Gd2d8]} (12.
Bg5 $5 Qe5 13. Bxe7 Qxe7 14. exd5 Qe5 $1 15. Re1 $1 (15. Bf3 Nc4 16. Qd3 (16.
Qc1 Qf6 $1 $44 {[%cal Gc4e5]}) 16... Qf4 $1 {[%cal Gc4e5,Gc4b2]} 17. Be4 Ne5
18. Bxh7+ Kh8 19. Qe4 Qxe4 20. Bxe4 f5 21. Bf3 Nxf3+ 22. gxf3 Rxd5 $44) (15. c4
Qxb2 {[%cal Gc8f5]} 16. Bd3 {[%cal Gc4c5,Gb1c3]} Qe5 $1 17. c5 $140 $2 (17. Re1
$142 Qf6 18. Nc3 {[%cal Gc3e4]} Bf5 $14) 17... Bxc5 $1 18. Qxa5 (18. Re1 Qf6 {
[%csl Rf2]}) 18... Rxd5 $1 {[%cal Gc5f2,Gd5d3]} (18... Qxd5 {[%cal Gc5f2]} 19.
Qc3 $1) 19. Qxc5 (19. Re1 Bxf2+ 20. Kxf2 Rxa5 $1 21. Rxe5 Rxe5 $19) (19. Qe1
Qxe1 20. Nxe1 Bd4 $19) 19... Rxc5 20. Re1 Qxe1+ 21. Nxe1 Rc1 $19) 15... Qxd5 (
15... Rxd5 $4 16. Bd3) 16. Qxd5 Rxd5 17. b4 Nc6 18. c4 Rd8 19. c5 {[%csl Rb6]}
Nxb4 $1 20. Nxb4 Bxc5 21. Nc2 (21. a3 Bd4 22. Ra2 c5 $44) 21... Bf5 {with some
compensation} (21... Be6)) 12... d4 $6 {[%mdl 64] Too optimistic.? I give for
the real value of the move and ! for the original idea which you will see on
the next move.} (12... Bxe3 $142 13. fxe3 (13. Nxe3 d4 14. Qxa5 (14. Nd5 Nxd5
15. cxd5 b6 $13 {[%cal Gc7c5]}) 14... dxe3 15. Nc3 exf2+ 16. Rxf2 Qb6 17. Qxb6
axb6) 13... Qxb2 14. Nc3 {[%csl Rb2][%cal Gf1b1]} Qb6 $8 15. Na4 (15. exd5 $14
{[%csl Ra5]}) (15. cxd5 $143 Nac6) 15... Qa6 16. cxd5 Qc6 $1 $13) (12... Nac6
$5 13. cxd5 Qxb2 14. Qc3 Qxc3 15. Nxc3 Bxe3 16. Nxe3 Nd4 17. Bc4 c5 $14) 13. c5
$1 {[%csl Ra5]} Bh3 $3 {The point of the previous move. Unfortunately it's not
as good as beautiful!} 14. Bg5 $5 (14. cxb6 $1 Qg6 (14... dxe3 15. Qxa5 Bxg2
16. Kxg2 Qg6+ 17. Kh3 $18) (14... axb6 15. Bg5 $18) 15. Ne1 $1 (15. Bg5 {
see 14.Bg5}) 15... axb6 (15... dxe3 16. Qxa5) 16. Bg5 Nb3 (16... f6 17. Bf4 Nb3
$140 18. Bc4+) 17. axb3 Rxa1 18. Bxe7 Re8 19. Qd3 $1 Rxe7 20. Qxh3 Rxb1 $140
21. Qc8+) (14. gxh3 $2 dxe3 15. Qxe3 Qg6+ $1 16. Bg4 (16. Kh1 Bxc5 $1) 16... h5
) 14... Qg6 15. Ne1 $6 (15. gxh3 d3 $1 {[%cal Ga5c4]} 16. Bxd3 Nc4 $1 17. Qc3 (
17. Qc1 Rxd3 18. cxb6 Nd2 $1 19. Ne1 $1 (19. Nxd2 Qxg5+ 20. Kh1 Rxd2 21. Ne3
Rd7 22. bxc7 Qe5 $44) 19... Qxg5+ 20. Kh1 Rd7 21. Nxd2 Qxd2 22. Qxd2 Rxd2 $44)
17... Qxg5+ 18. Kh1 Rxd3 $1 19. Qxd3 (19. Qxc4 $2 Rxh3 {and after} 20. cxb6 {
Black can chose between perpetual check and attacking possibilities like} Qh5
$5 21. Qxc7 Rc8 22. Qd6 (22. Qf4 $2 Ng6 23. Qd6 Qf3+ 24. Kg1 Nf4 $19) (22. bxa7
$2 Rxc7 23. a8=Q+ Rc8 $19) 22... Qf3+ 23. Kg1 Qg4+ 24. Kh1 Qxe4+) 19... Qxc5
20. b4 Qc6 21. Nc3 Nb2 $1 $44 22. Qg3 (22. Qd2 Nc4) 22... Qc4 $1 {[%cal Gb2d3]}
) (15. cxb6 $1 {is the most simple way to a win.} d3 16. bxc7 Rd7 17. Bxd3 Nc4
18. Qc1 $1 Bxg2 (18... Rxd3 19. Ne1 $1 Rd7 20. Bxe7 $18) 19. Kxg2 Rxd3 20. Nb4
$18) 15... Bxc5 $2 {[%mdl 8192] loses immediately} (15... d3 $1 {was more
stubborn, but didn't save} 16. Bxd3 Bxc5 $1 (16... Nc4 17. Qc1 $1 Nxb2 (17...
Ne5 18. Be2 $1 Bxc5 (18... N7c6 19. cxb6 Nd4 20. Bd1 $18) 19. gxh3 Bd4 20. Ng2
$1 Qxe4 21. Re1 $1 $18) 18. Be2 $1 (18. cxb6 $2 Nxd3 19. Nxd3 Rxd3 20. bxc7 (
20. gxh3 cxb6 $1) 20... h6 $1 $11) 18... Ba5 19. Bxe7 Bxe1 20. Qg5 $1 Re8 21.
Rxe1 Rxe7 22. Qxg6 hxg6 23. gxh3 Rxe4 24. Nc3 $18) 17. gxh3 Nc4 18. Qc1 Ne5 19.
Qxc5 (19. Be2) 19... Qxg5+ 20. Kh1 Qf4 $1 {[%cal Ge5d3,Ge5f3]} (20... b6 21.
Qc3 $18) 21. Qxe7 Nxd3 22. Nc3 (22. Nxd3 $2 Rxd3 {[%cal Gd3h3]} 23. Kg2 Qf3+
24. Kg1 Rd6 $1 $19 {[%cal Rd6g6]}) 22... Nxf2+ 23. Kg2 $8 Rd2 24. Nf3 Nxe4+ $1
(24... Ng4+ 25. Nxd2 Qxd2+ 26. Kg3) 25. Nxd2 Qxd2+ 26. Kf3 $5 (26. Kg1 Qe3+ 27.
Kg2 (27. Kh1 $4 Nf2+ {[%csl Re7]}) 27... Qd2+) (26. Kh1 Nf2+ 27. Rxf2 Qxf2 $16)
26... Qd3+ 27. Kg4 (27. Kg2 Qd2+) 27... h5+ 28. Kf4 Nxc3 (28... g5+ 29. Ke5 f6+
30. Rxf6 Nxf6 31. Qe6+ Kh7 32. Qf7+ $18) 29. bxc3 Qxh3 {with some practical
chances}) 16. Bxe7 Bxe7 (16... d3) (16... d3 17. Bxd8 dxe2 18. Qxe2 Rxd8 $18)
17. Qxa5 d3 (17... c5 $5 {[%cal Gd4d3]}) 18. Bh5 Qf6 19. Nc3 $18 {The rest can
be explained only by severe mutual time-pressure.} d2 (19... b6 $142) 20. gxh3
b6 21. Qf5 dxe1=Q 22. Raxe1 Qh4 23. Bxf7+ Kh8 24. Qg4 Qf6 25. Bd5 c6 26. e5 Qh6
27. Be4 Rd2 28. Re2 Rd4 29. Rd1 Rb4 30. a3 Rc4 31. Qd7 Bc5 32. Qd8+ Bf8 33.
Qxa8 1-0